| 000 | 00496nam a2200169Ia 4500 | ||
|---|---|---|---|
| 999 |
_c35105 _d35105 |
||
| 003 | OSt | ||
| 005 | 20201217095907.0 | ||
| 008 | 190216s9999||||xx |||||||||||||| ||und|| | ||
| 040 | _coclc | ||
| 082 |
_a494.8123 _bPIL/S |
||
| 100 |
_aPillai, S G Padmanabha _97606 |
||
| 245 | 0 |
_aSabda Taravali / _cS G Padmanabha Pillai |
|
| 260 |
_bNational Book Stall, _aKottayam: _c1952. |
||
| 300 | _a1454p | ||
| 650 | _aMalayalam | ||
| 942 |
_cREF _2ddc _h494.8123 _iPIL/S _k494.8123 _mPIL/S |
||